| 000 | 01150 a2200241 4500 | ||
|---|---|---|---|
| 003 | Nust | ||
| 005 | 20221028154754.0 | ||
| 010 | _a 2003066067 | ||
| 020 | _a0471657204 (cloth) | ||
| 040 | _cNust | ||
| 082 | 0 | 0 | _a621.31,CHU |
| 100 | 1 |
_aZhu, Qing K. _955709 |
|
| 245 | 1 | 0 |
_aPower distribution network design for VLSI / _cQing K. Zhu. |
| 260 |
_aHoboken, N.J. : _bWiley, _cc2004. |
||
| 300 |
_aix, 207 p. : _bill. ; _c25 cm. |
||
| 505 | _aIntroduction (Page-1), Design Perspectives (Page-33), Electromigration (Page-75), IR Voltage Drop (Page-87), Power Grid Analysis (Page-105), Microprocessor Design Examples (Page-135), Package and I/O Design for power Delivery (Page-157). | ||
| 650 | 0 |
_aElectric power distribution. _941221 |
|
| 650 | 0 |
_aIntegrated circuits _xVery large scale integration _xDesign and construction. _955710 |
|
| 856 | 4 | 2 |
_3Contributor biographical information _uhttp://www.loc.gov/catdir/bios/wiley047/2003066067.html |
| 856 | 4 | 2 |
_3Publisher description _uhttp://www.loc.gov/catdir/description/wiley041/2003066067.html |
| 856 | 4 | 2 |
_3Table of contents _uhttp://www.loc.gov/catdir/toc/wiley041/2003066067.html |
| 942 |
_2ddc _cBK |
||
| 999 |
_c180532 _d180532 |
||